| 000 | 00353 a2200145 4500 | ||
|---|---|---|---|
| 005 | 20250620145749.0 | ||
| 020 | _a9966-882-74-2 | ||
| 082 | _a330 MUD | ||
| 100 | _aMUDIDA, R. | ||
| 245 | _aModern Economics. | ||
| 250 | _a2nd Ed. | ||
| 260 |
_aNairobi, _bEnglish Press, _c2009. |
||
| 300 |
_ax, 525p.: ill.; figure, table _bIndex. _c20cm. |
||
| 942 |
_2ddc _cBKS |
||
| 999 |
_c384 _d384 |
||